Host -Tumour Relationship XXVIII. The Saccharide Components of Blood and Ascites Seromucoid in the Course of Growth of Yoshida Ascites Tumour in the Rat

Bibliographic Details
Main Authors: Kočent, A. (Author), Vermousek, I. (Author), Tobiška, Josef (Author), Brada, Z. (Author)
Format: Article
Language:English

MARC

LEADER 00000nab a2200000ua 4500
001 vtls010829181
003 SK-MaSNL
005 20260303181857.0
008 230222s1968 xo |||||||||||||||||eng|
035 |a (urnnbn)urn:nbn:sk:snk:ar-a06fas 
035 |a urn:nbn:sk:snk-ab5ulk 
035 |a (uuid)d900013d-b392-40df-82d5-1ad36f69dc17 
040 |a SNKBUCL  |b slo  |c SNKBUCL  |e AACR2 
041 0 |a eng 
044 |a xo  |c SK 
100 1 |a Kočent, A.  |4 aut  |9 1160113 
245 1 0 |a Host -Tumour Relationship XXVIII. The Saccharide Components of Blood and Ascites Seromucoid in the Course of Growth of Yoshida Ascites Tumour in the Rat  |c A. Kočent, I. Vermousek, J. Tobiška, Z. Brada 
700 1 |a Vermousek, I.  |4 aut  |9 1160114 
700 1 |a Tobiška, Josef  |4 aut  |9 1167225 
700 1 |a Brada, Z.  |4 aut  |9 1150694 
773 0 |t Neoplasma : journal of experimental and clinical oncology  |g Roč. 15, č. 2 (1968), s. 211-220 
958 |a OND 
958 |a EUIPO 
958 |a article5 
999 |c 2114424  |d 2116354